00892nam a2200253 a 4500999001500000001000500015003000900020005001700029008004100046040002800087082002300115100003000138245009900168250001200267260005500279300003000334504005100364650002000415650001400435650001500449700002300464942001200487952013900499 c1572d15728285BD-DhUAP20210123100054.0200210s1997 ii lb 001 0 eng d aDLCcDLCdBD-DhUAPbEng00a346.540436 MUL223 a Mulla, Dinshah Fardunji.10aMulla on the transfeer of property act, 1882 /cDinshah Fardunji Mulla and R. K. Abichandani. a8th ed. aBombay :bN. M. Tripathi,cc1995 [Reprinted 1997]. axix, 1125 pages ;c24 cm. aIncludes bibliographical references and index. aTransfer (Law). aProperty. aMortgages.1 aAbichandani, R. K. 2ddccBK 00102ddc4070aUAPCLbUAPCLcGeneral Stacksd2020-02-10l1m2o346.540436 MULp3010008285r2024-12-11s2024-10-21t1w2020-02-10yBK